000 00701nam a22002057a 4500
005 20250813130238.0
008 250813b |||||||| |||| 00| 0 eng d
020 _a81-7380-096-0(ਹਬਕ)
037 _cREF
040 _aAL
_cAL
041 _2pun
_apun
084 _aP153:4k P9
_qAL
245 _aਪੰਜਾਬੀ ਅੰਗਰੇਗ਼ੀ ਕੋਸ਼
260 _aਪਟਿਆਲਾ, ਭਾਰਤ:
_bਪੰਜਾਬੀ ਯੂਨੀਵਰਸਿਟੀ,
_c2009.
300 _a788p.
365 _b400.00
_cINR
650 _2ਪੰਜਾਬੀ ਸਾਹਿਤ
942 _2CC
_cREF
_hP153:4k P9
_n0
999 _c1434735
_d1434735